| 000 | 00761nam0a22002651 4500 | ||
|---|---|---|---|
| 001 | rc\68628 | ||
| 005 | 20260406092039.0 | ||
| 010 |
_a5-85871-024-7 _950000 |
||
| 035 | _a(NLR Aleph) 005342031 | ||
| 090 |
_a6704010 _c6704010 |
||
| 100 | _a20021216d1994 u y0rusy50 ca | ||
| 101 | 0 | _arus | |
| 102 | _aRU | ||
| 105 | _aa ||||||||| | ||
| 200 | 1 | _aЖенская одежда в деталях | |
| 210 |
_aСПб. _cЛейла _d1994 |
||
| 215 |
_a318, [2] с. _cил. _d22 |
||
| 225 | 1 | _aМастерица | |
| 700 | 1 |
_7ca _8rus _aЕрзенкова _bН. В. _gНина Васильевна _3RU\NLR\AUTH\770282715 _92672155 |
|
| 801 | 0 |
_aRU _bNLR _gpsbo |
|
| 801 | 1 |
_aRU _bELAR _2rusmarc |
|
| 852 |
_aNLR _j95-5/218 |
||
| 942 | _cBOOK | ||
| 980 | _aNB | ||